| 000 | 00373nam a2200097Ia 4500 | ||
|---|---|---|---|
| 005 | 20250424112923.0 | ||
| 008 | 250424s9999 xx 000 0 und d | ||
| 300 | _av. , 488 p. : ill. ; 32 cm. | ||
| 650 | _aFinance--Periodicals. Commerce--Periodicals. Securities--Periodicals. Railroads--United States--Finance--Periodicals. United States--Commerce--Periodicals. | ||
| 942 | _cSR | ||
| 999 |
_c37891 _d37891 |
||